Home Print Resources E-Books E-Journals IIMT Lecture Series Library Membership Form Book Recommendation Form Campus Tour Take AdmissionAbout Us Contact Us

CONCRETE TECHNOLOGY (Record no. 7585)

000 -LEADER
fixed length control field 00329nam a2200145Ia 4500
003 - CONTROL NUMBER IDENTIFIER
control field OSt
005 - DATE AND TIME OF LATEST TRANSACTION
control field 20240213143940.0
008 - FIXED-LENGTH DATA ELEMENTS--GENERAL INFORMATION
fixed length control field 170524s9999 xx 000 0 und d
020 ## - INTERNATIONAL STANDARD BOOK NUMBER
International Standard Book Number 978-0195671537
040 ## - CATALOGING SOURCE
Transcribing agency IIMT
100 ## - MAIN ENTRY--PERSONAL NAME
Personal name KUMAR-R
245 #0 - TITLE STATEMENT
Title CONCRETE TECHNOLOGY
260 ## - PUBLICATION, DISTRIBUTION, ETC.
Name of publisher, distributor, etc. NEW DELHI: VAYU EDUCATION
942 ## - ADDED ENTRY ELEMENTS (KOHA)
Source of classification or shelving scheme
Koha item type Book Bank
Holdings
Withdrawn status Lost status Source of classification or shelving scheme Damaged status Not for loan Home library Current library Date acquired Total Checkouts Barcode Date last seen Date last checked out Uniform Resource Identifier Price effective from Koha item type Checked out
          IIMT University Central Library Meerut IIMT University Central Library Meerut 05/30/2017 1 01-B-79951 06/26/2025 03/10/2025 CONCRETE TECHNOLOGY 05/30/2017 Book Bank  
          IIMT University Central Library Meerut IIMT University Central Library Meerut 05/30/2017 2 01-B-79952 01/09/2020 09/02/2019 CONCRETE TECHNOLOGY 05/30/2017 Book Bank  
          IIMT University Central Library Meerut IIMT University Central Library Meerut 05/30/2017 5 01-B-79953 04/16/2026 04/16/2026 CONCRETE TECHNOLOGY 05/30/2017 Book Bank 07/31/2026
          IIMT University Central Library Meerut IIMT University Central Library Meerut 05/30/2017   01-B-79954 05/30/2017   CONCRETE TECHNOLOGY 05/30/2017 Book Bank  
          IIMT University Central Library Meerut IIMT University Central Library Meerut 05/30/2017 2 01-B-79955 01/10/2020 09/12/2019 CONCRETE TECHNOLOGY 05/30/2017 Book Bank  
IIMT, Central Library. All Rights Reserved IIMT,UNIVERSITY © 2023
Implemented and Customised by I CLOUDE EMS
You Are OPAC Visitor No
free web counter

Powered by Koha